000 00702nam a2200265Ia 4500
003 OSt
005 20221006141647.0
006 a|||||r|||| 00| 0
007 ta
008 221006b |||||||| |||| 00| 0 jpn d
020 _c¥1600
024 _a3,733
037 _bGift, Japan Foundation
_cTextual
040 _aEASL
_cEASL
_bjpn
041 _2jpn
_ajpn
082 _aO42, 3D, N8.1-;1
100 _aABE A etc.
_9645997
245 0 _aGenji monogatari
260 _aTokyo
_bShogakkan Japan
_c1998
300 _a320p.
_ccm.
490 _v V.1JL
650 _aJL
942 _hO42, 3D, N8.1-;1
_cTEXL
_2CC
999 _c1071819
_d1071819